000 00516nam a2200193Ia 4500
005 20260120130323.0
008 008 260114s9999 xx 000 0 eng d
020 _a9780191602313
037 _aEBOOK
040 _aCRL
_beng
_cCRL
041 _aeng
_2eng
084 _qCRL
100 _aSchiffer
_9913606
245 4 _aThe Things We Mean
260 _bOxford University PressOxford University Press
_c2005
856 _uhttps://academic.oup.com/book/4530
942 _cEBOOK
999 _c1505506
_d1505506